FIFA Club World Cup Winners - Statistics

General Stats
  • This quiz has been taken 177 times
    134 since last reset
  • The average score is 13 of 17
Answer Stats
Year Runners Up Answer % Correct
2014 San Lorenzo Real Madrid
95%
2016 Kashima Antlers Real Madrid
95%
2017 Gremio Real Madrid
95%
2018 Al-Ain Real Madrid
95%
2009 Estudiantes Barcelona
92%
2011 Santos Barcelona
92%
2015 River Plate Barcelona
92%
2019 Flamengo Liverpool
89%
2013 Raja Casablanca Bayern Munchen
84%
2021 Tigres UANL Bayern Munchen
84%
2007 Boca Juniors AC Milan
76%
2010 TP Mazembe Inter Milan
73%
2008 LDU Quito Manchester United
68%
2000 Vasco Da Gama Corinthians
51%
2012 Chelsea Corinthians
51%
2005 Liverpool Sao Paulo
42%
2006 Barcelona Internacional
26%
No matching quizzes found
Score Distribution
Percent of People with Each Score
Percentile by Number Answered
Your Score History
You have not taken this quiz since the last reset